Loading...
| Current Events | 2 | 20.00 | 100% | 100% | 0% |
| Fine Arts - Classical Music | 8 | 20.00 | 100% | 75% | 25% |
| Fine Arts - Other Fine Arts | 10 | 21.00 | 100% | 70% | 40% |
| Fine Arts - Painting and Sculpture | 8 | 18.75 | 100% | 75% | 13% |
| Geography | 4 | 20.00 | 100% | 100% | 0% |
| History - American History | 9 | 15.56 | 89% | 56% | 11% |
| History - European History | 9 | 21.11 | 100% | 78% | 33% |
| History - Other History | 9 | 14.44 | 100% | 44% | 0% |
| History - World History | 6 | 21.67 | 100% | 83% | 33% |
| Literature - American Literature | 9 | 25.56 | 100% | 100% | 56% |
| Literature - British Literature | 7 | 18.57 | 100% | 71% | 14% |
| Literature - European Literature | 10 | 20.00 | 100% | 70% | 30% |
| Literature - World Literature | 9 | 22.22 | 100% | 67% | 56% |
| Mythology | 6 | 18.33 | 100% | 50% | 33% |
| Other Academic | 1 | 20.00 | 100% | 100% | 0% |
| Philosophy | 6 | 20.00 | 83% | 83% | 33% |
| Pop Culture | 1 | 30.00 | 100% | 100% | 100% |
| Religion | 7 | 18.57 | 86% | 86% | 14% |
| Science - Biology | 10 | 16.00 | 100% | 60% | 0% |
| Science - Chemistry | 6 | 13.33 | 67% | 67% | 0% |
| Science - Other Science | 10 | 14.00 | 70% | 60% | 10% |
| Science - Physics | 4 | 17.50 | 100% | 50% | 25% |
| Social Science | 6 | 23.33 | 100% | 100% | 33% |